|
|
|
|
| LEADER |
00600nam a22001577a 4500 |
| 008 |
180419b ||||| |||| 00| 0 eng d |
| 082 |
|
|
|a 025.21
|b LAL/L
|
| 100 |
|
|
|a Lal, Banwari
|
| 245 |
|
|
|a Library and multimedia resources /
|c Banwari Lal
|
| 260 |
|
|
|a New Delhi:
|b Randum Publications,
|c 2017
|
| 300 |
|
|
|a 304p.
|
| 650 |
|
|
|a Multimedia Resources
|
| 942 |
|
|
|c BK
|
| 942 |
|
|
|2 ddc
|
| 999 |
|
|
|c 144888
|d 144888
|
| 952 |
|
|
|0 0
|1 0
|2 ddc
|4 0
|6 025_210000000000000_LAL_L
|7 0
|9 154294
|a LIS
|b LIS
|c ST1
|d 2018-04-19
|e The Book Shop, Publication Division, University of Calicut
|i 3851
|l 0
|o 025.21 LAL/L
|p LIS3851
|r 2018-04-19
|w 2018-04-19
|y BK
|